000 04153cam a22017894i 4500
003 PE-LiUPU
005 20250813165540.0
008 190410s2015 sp a r 00 0 sspad
020 _a8416429553
020 _a9788416429554
035 _a(Sirsi) i9788416429554
035 _a(OCoLC)948692167
_z(OCoLC)927737688
_z(OCoLC)949870531
040 _aPE-LiUPU
_bspa
_cPE-LiUPU
_erda
049 _aPRUA
082 0 4 _a612.39
_bJ54
_220
100 1 _aJiménez Herrero, Luis M.,
_eautor.
245 1 3 _aLo que dice la ciencia sobre dietas, alimentación y salud :
_b75 respuestas para apasionados y profesionales de la nutrición /
_cL. Jiménez.
250 _aPrimera edición.
264 1 _aBarcelona :
_bPlataforma Editorial,
_c2015.
300 _a442 aginas :
_bilustraciones ;
_c22 cnetímetros.
490 0 _aPlataforma Actual
505 0 _aDietas -- Energía y metabolismo -- Alimentos -- Suplementos y tratamientos -- Cuerpo y ejercicio.
526 _aP203
526 _aP200
526 _aSEG65
526 _aSEG64
526 _aSEG63
526 _aSEG62
526 _aSEG61
526 _aSEG60
526 _aSEG59
526 _aSEG58
526 _aSEG57
526 _aSEG56
526 _aSEG55
526 _aSEG54
526 _aSEG53
526 _aSEG52
526 _aSEG51
526 _aSEG50
526 _aSEG49
526 _aSEG48
526 _aSEG47
526 _aSEG46
526 _aSEG24
526 _aSEG23
526 _aSEG22
526 _aSEG21
526 _aSEG20
526 _aSEG19
526 _aSEG18
526 _aSEG17
526 _aSEG16
526 _aSEG14
526 _aSEG13
526 _aSEG12
526 _aSEG11
526 _aSEG10
526 _aSEG09
526 _aSEG06
526 _aSEG05
526 _aSEG04
526 _aSEG03
526 _aSEG02
526 _aSEG68
526 _aSEG66
526 _aSEG45
526 _aSEG25
526 _aSEG01
526 _aP163
526 _aP162
526 _aP161
526 _aP160
526 _aP159
526 _aP158
526 _aP157
526 _aP156
526 _aP155
526 _aP154
526 _aP153
526 _aP152
526 _aP151
526 _aP150
526 _aP149
526 _aP142
526 _aP141
526 _aP140
526 _aP139
526 _aP138
526 _aP137
526 _aP132
526 _aP131
526 _aP130
526 _aP126
526 _aP125
526 _aP124
526 _aP123
526 _aP115
526 _aP122
526 _aP121
526 _aP116
526 _a P114
526 _aP112
526 _aP111
526 _aP104
526 _aP103
526 _aP102
526 _aP101
526 _aP100
526 _aP96
526 _aP95
526 _aP93
526 _aP92
526 _aP91
526 _aP88
526 _aP83
526 _aP82
526 _aP79
526 _aP78
526 _aP75
526 _aP74
526 _aP71
526 _aP69
526 _a P51
526 _aP49
526 _aP48
526 _aP47
526 _aP33
526 _aP31
526 _a P30
526 _aP29
526 _aP27
526 _aP26
526 _aP25
526 _aP24
526 _a P22
526 _aP10
526 _aP09
526 _a P08
526 _aP06
526 _aP05
526 _aP04
526 _aP01
541 _gF025-56;
650 0 _aNutricicón.
910 _adbm
_bjpc
_cjpc
_d2019040910
942 _2ddc
_cBOOK
949 _a612.39 J54
_wDEWEY
_c1
_i80224
_lCATALOGING
_mBUL
_p20.00
_r0
_sY
_tBOOK
_u2019-04-09
_xPOSGRADO
_zP83
_0COMPRA
_o.STAFF. Colección Ciencias de la Salud
994 _aC0
_bPEPRU
596 _a1
999 _a612.39 J54
_wDEWEY
_c31351
_i80224
_d31351
_e2019-9-1
_f2021-11-4
_g3
_lCCODEBUL1
_mBUL
_n2
_p20.00
_q3
_r0
_sY
_tBOOK
_u2019-4-9
_xSALUD
_zP83
_0COMPRA
_1FCOMPR2
_o.STAFF. Colección Ciencias de la Salud
980 _81
_gALBERTO SANCHEZ Responsable de Automatización